000 01148nam0a22002651 4500
001 v19\rc\1649938
005 20250619002804.0
035 _a(NLR Aleph) 004761432
090 _a4584897
_c4584897
100 _a20061002d1888 |||y0rusy50 ca
101 0 _arus
102 _aRU
105 _ay z |||||
200 1 _aПроект устава Общества 1-й Горноклиматической колонии в Крыму с железной дорогой к ней из Ялты и Гаспры
210 _aХарьков
_d1888
215 _a17 с.
309 _aБез тит. л. и обл.
532 1 1 _aПроект устава Общества Первой Горноклиматической колонии в Крыму с железной дорогой к ней из Ялты и Гаспры
710 0 2 _aОбщество 1-й Горноклиматической колонии в Крыму с железной дорогой от Ялты и Гаспры
801 0 _aRU
_bNLR
_gpsbo
801 0 _aRU
_bRuMoRGB
_2psbo
801 1 _aRU
_bProSoft-M
_2rusmarc
852 _aNLR
_j18.301.1.140
942 _cBOOK
980 _aNB